| 000 | 00493nam a2200181 4500 | ||
|---|---|---|---|
| 001 | 123654 | ||
| 003 | ES-MaACL | ||
| 005 | 20230906192220.0 | ||
| 007 | t| | ||
| 008 | 070214s1950 sp |||| | spa d | ||
| 100 | 1 |
_aRaida, Pedro. _995023 |
|
| 245 | 1 | 0 |
_aHoras del espíritu en pie _b; Todo amor / _cPedro Raida. |
| 260 |
_aMadrid : _b[s. n.], _c1950 ( _fGráf. Uguina) |
||
| 300 |
_a112 p. ; _c20 cm. |
||
| 740 | 0 | _aTodo amor. | |
| 852 |
_aES-MaACL _jD-6125 |
||
| 852 |
_aES-MaACL _jD-5551 |
||
| 999 |
_c123654 _d123654 |
||